000 01777nam a2200445 i 4500
001 51844
003 ES-MaCES
005 20210701103009.0
007 cr |||||||||||
008 210629s2021 sp |||| o000|| espd
017 _aM 17823-2021
_bDL
020 _a9788481884005
040 _aES-MaCES
_bspa
_cES-MaCES
245 0 0 _aEconomía, trabajo y sociedad
_b: memoria sobre la situación socioeconómica y laboral : España 2020
_cConsejo Económico y Social España
250 _a1ª ed
260 _aMadrid
_bCES
_c2021
300 _aXVI, 824 p.
_bgráf
_c24 cm
_e1 documento pdf (17,5 mb)
490 1 _aColección Memorias
_v28
500 _aMemoria aprobada en la sesión ordinaria del Pleno del Consejo Económico y Social celebrada el 26 de mayo de 2021
500 _aÍndices
541 _cGratuito
650 4 _aeconomía
_926781
650 4 _acondiciones económicas
_927081
650 4 _atrabajo
_928289
650 4 _acondiciones de trabajo
_928327
650 4 _asociedad
_927269
650 4 _acondiciones sociales
_930469
650 4 _acondiciones de vida
_927111
650 4 _aEspaña
_926964
650 4 _a2020
_931139
650 4 _ainforme
_928986
653 1 0 _aCondiciones económicas
710 2 _aConsejo Económico y Social (España)
_92408
787 0 _tEconomía, trabajo y sociedad : memoria sobre la situación socioeconómica y laboral 2019
_w(ES-MaCES)51482
787 0 _tEconomía, trabajo y sociedad : memoria sobre la situación socioeconómica y laboral : España 2020 : (resumen ejecutivo)
_w(ES-MaCES)51845
830 0 _aColección Memorias (Consejo Económico y Social (España))
_v28
_932359
856 4 _uhttp://www.ces.es/documents/MEM/2020/01
_ytexto completo
902 _aLIB Libro
942 _2CES
_cBK
_h0.0.
999 _c51844
_d51844